| 000 | 00390nam a2200157Ia 4500 | ||
|---|---|---|---|
| 008 | 230312s9999||||xx |||||||||||||| ||und|| | ||
| 020 | _a81-906919-2-5 | ||
| 082 |
_a629.895 _bSAE-A |
||
| 100 | _aSaeed;S.Hasan | ||
| 245 | 0 | _aAutomatic Control Systems | |
| 260 |
_bKatson _aIndia _c2012 |
||
| 300 | _a663 | ||
| 546 | _aEng. | ||
| 650 |
_aEngineering _vAutomatic Control Systems |
||
| 942 | _cBK | ||
| 999 |
_c7629 _d7629 |
||